书目信息 |
| 题名: |
比较教育学
|
|
| 作者: | 陈时见 主编 | |
| 分册: | ||
| 出版信息: | 重庆 西南师范大学出版社 2021.05 |
|
| 页数: | 184页 | |
| 开本: | 26cm | |
| 丛书名: | 教育部 财政部高等学校特色专业教材建设 | |
| 单 册: | ||
| 中图分类: | G40-059.3 | |
| 科图分类: | ||
| 主题词: | 比较教育学--bi jiao jiao yu xue--高等学校--教材 | |
| 电子资源: | ||
| ISBN: | 978-7-5621-5869-1 | |
| 000 | 01217nam 2200277 450 | |
| 001 | 012001002927 | |
| 005 | 20141204110726.0 | |
| 010 | @a978-7-5621-5869-1@dCNY38.00 | |
| 099 | @aCAL 012012261077 | |
| 100 | @a20220905d2012 em y0chiy0121 ea | |
| 101 | 0 | @achi |
| 102 | @aCN@b500000 | |
| 105 | @ay a 000yy | |
| 106 | @ar | |
| 200 | 1 | @a比较教育学@Abi jiao jiao yu xue@f陈时见主编 |
| 210 | @a重庆@c西南师范大学出版社@d2021.05 | |
| 215 | @a184页@d26cm | |
| 225 | 2 | @a教育部 财政部高等学校特色专业教材建设@Ajiao yu bu cai zheng bu gao deng xue xiao te se zhuan ye jiao cai jian she@i教育学 |
| 320 | @a有书目 | |
| 330 | @a本书探讨了比较教育学的学科概念,以及学科的性质、定义、目的及特点和功能特征等。书中还系统地回顾了比较教育学的历史发展,总结了比较教育研究的主要方法。全书共分六章,包括:第一章,比较教育学的概念;第二章,比较教育学的历史发展;第三章,比较教育学的研究方法;第四章,国别教育;第五章,区域教育;第六章,国际教育。 | |
| 410 | 0 | @12001@a教育部 财政部高等学校特色专业教材建设@i教育学 |
| 606 | 0 | @a比较教育学@Abi jiao jiao yu xue@x高等学校@j教材 |
| 690 | @aG40-059.3@v5 | |
| 701 | 0 | @a陈时见@Achen shi jian@4主编 |
| 801 | 0 | @aCN@bAHXH@c20221111 |
| 905 | @b1377029-33@dG40-059.3@e1374@f5 | |
| 比较教育学/陈时见主编.-重庆:西南师范大学出版社,2021.05 |
| 184页;26cm.-(教育部 财政部高等学校特色专业教材建设.教育学) |
| ISBN 978-7-5621-5869-1:CNY38.00 |
| 本书探讨了比较教育学的学科概念,以及学科的性质、定义、目的及特点和功能特征等。书中还系统地回顾了比较教育学的历史发展,总结了比较教育研究的主要方法。全书共分六章,包括:第一章,比较教育学的概念;第二章,比较教育学的历史发展;第三章,比较教育学的研究方法;第四章,国别教育;第五章,区域教育;第六章,国际教育。 |
| ● |
| 相关链接 |
|
|
|
|
正题名:比较教育学
索取号:G40-059.3/1374
 
预约/预借
| 序号 | 登录号 | 条形码 | 馆藏地/架位号 | 状态 | 备注 |
| 1 | 1377029 | 213770294 | 第一样本阅览室/ [索取号:G40-059.3/1374] | 在馆 | |
| 2 | 1377030 | 213770301 | 教育系资料室/ [索取号:G40-059.3/1374] | 在馆 | |
| 3 | 1377031 | 213770310 | 教育系资料室/ [索取号:G40-059.3/1374] | 在馆 | |
| 4 | 1377032 | 213770329 | 第四借阅区/ [索取号:G40-059.3/1374] | 在馆 | |
| 5 | 1377033 | 213770338 | 第四借阅区/ [索取号:G40-059.3/1374] | 在馆 |